000 00460nab a2200145Ia 4500
003 ES-SlBCS
005 20220519114042.0
008 140529s1959 xxu||||| |||| 00| 0 ita d
041 _aita
100 1 _aCasula, Mario
_962453
245 0 0 _aLa dottrina kantiana dulla cosa in sè: realismo o idealismo?
_c Mario Casula
650 0 4 _aDoctrina Kantiana
_9199627
773 0 _tGiornali di Metafisica
_gvol. 14, nº. 3, 1959, págs. 360-392
_w0017-0372
942 _cAR
999 _c586848
_d586848